Corporate earning power and market valuation, 1935-1955 /

Bibliographic Details
Main Author: Cottle, Charles Sidney, 1910-
Other Authors: Whitman, W. Tate (William Tate), 1909-
Format: Book
Language:English
Published: Durham : Duke University Press, 1959.
Subjects:

MARC

Tag First Indicator Second Indicator Subfields
LEADER 00000cam a2200000 4500
001 in00000062731
005 20151008050626.0
008 720626s1959 ncu 00000 eng u
010 |a  58012586  
035 |a (OCoLC)00341725 
035 |9 AAG2219AM 
040 |c CSU  |d TXA  |d UtOrBLW 
049 |a TXAM  |c [305522] 
050 0 |a HC110.P7  |b C6 
092 |a 338.74  |b C849c 
100 1 |a Cottle, Charles Sidney,  |d 1910- 
245 1 0 |a Corporate earning power and market valuation, 1935-1955 /  |c [by] Sidney Cottle [and] Tate Whitman. 
264 1 |a Durham :  |b Duke University Press,  |c 1959. 
300 |a 201 pages :  |b illustrations ;  |c 23 x 31 cm. 
336 |a text  |b txt  |2 rdacontent 
337 |a unmediated  |b n  |2 rdamedia 
338 |a volume  |b nc  |2 rdacarrier 
650 0 |a Profit  |z United States. 
650 0 |a Corporations  |z United States  |x Finance. 
650 0 |a Corporations  |x Valuation. 
700 1 |a Whitman, W. Tate  |q (William Tate),  |d 1909- 
999 |a MARS 
999 f f |s 2034a919-4ec7-354d-b237-33b54d2e5c41  |i 3a1ffb0d-8352-38f0-bc01-fb102e36f0b0  |t 0 
952 f f |p ric  |a Texas A&M University  |b Rellis Campus  |c Joint Library Facility  |d Remote Storage  |t 0  |e HC110.P7 C6  |h Library of Congress classification  |i unmediated -- volume  |m A14800770149 
998 f f |a HC110.P7 C6  |t 0  |l Remote Storage